000
00281 a2200109 4500
000
nam a22 7a 4500
005
20260313145137.0
100
_a
AI,Qasimi
_9
1132032
245
_a
Quantum information : First course
260
_b
Cambridge University press
_c
2025
942
_c
TEXL
999
_c
1715383
_d
1715383